Dubliners / (Record no. 6205)

MARC details
000 -LEADER
fixed length control field 01518cam a2200289 i 4500
001 - CONTROL NUMBER
control field 6205
003 - CONTROL NUMBER IDENTIFIER
control field FISKH
005 - DATE AND TIME OF LATEST TRANSACTION
control field 20250328100052.0
008 - FIXED-LENGTH DATA ELEMENTS--GENERAL INFORMATION
fixed length control field 120611s2012 stka 000 0 eng
010 ## - LIBRARY OF CONGRESS CONTROL NUMBER
LC control number 2012427312
020 ## - INTERNATIONAL STANDARD BOOK NUMBER
International Standard Book Number 9781847172471
040 ## - CATALOGING SOURCE
Original cataloging agency DLC
Language of cataloging eng
Transcribing agency DLC
Description conventions rda
050 ## - LIBRARY OF CONGRESS CALL NUMBER
Classification number PR6019.O9 D8
082 ## - DEWEY DECIMAL CLASSIFICATION NUMBER
Classification number 823.912
100 1# - MAIN ENTRY--PERSONAL NAME
Personal name Joyce, James,
Dates associated with a name 1882-1941.
245 10 - TITLE STATEMENT
Title Dubliners /
Statement of responsibility, etc. James Joyce ; introduction by John Boyne.
260 ## - PUBLICATION, DISTRIBUTION, ETC.
Place of publication, distribution, etc. Dublin :
Name of publisher, distributor, etc. The O'Brien Press,
Date of publication, distribution, etc. 2012.
300 ## - PHYSICAL DESCRIPTION
Extent 256 pages :
Other physical details illustrations ;
Dimensions 20 cm
336 ## - CONTENT TYPE
Content type term text
Source rdacontent
337 ## - MEDIA TYPE
Media type term unmediated
Source rdamedia
338 ## - CARRIER TYPE
Carrier type term volume
Source rdacarrier
520 ## - SUMMARY, ETC.
Summary, etc. These vivid, tightly focused observations about the life of Dublin's poorer classes originally made publishers uneasy: the stories contain unconventional themes and coarse language, and they mention actual people and places. Today, however, the stories are admired. They are considered to be masterful representations of Dublin done with economy and grace-representations, as Joyce himself once explained, of a chapter in the moral history of Ireland that give the Irish a good look at themselves. Although written for the Irish specifically, these stories-from the opening tale The Sisters to the final masterpiece The Dead-focus on moments of revelation that are common to all people.
651 #0 - SUBJECT ADDED ENTRY--GEOGRAPHIC NAME
Geographic name Dublin (Ireland)
General subdivision Social life and customs
Form subdivision Fiction.
906 ## - LOCAL DATA ELEMENT F, LDF (RLIN)
a 7
b cbc
c origcop
d 2
e ncip
f 20
g y-gencatlg
942 ## - ADDED ENTRY ELEMENTS (KOHA)
Source of classification or shelving scheme Dewey Decimal Classification
Koha item type Books
Suppress in OPAC No
Holdings
Withdrawn status Lost status Source of classification or shelving scheme Damaged status Not for loan Collection Home library Current library Shelving location Date acquired Total Checkouts Full call number Barcode Date last seen Price effective from Koha item type
    Dewey Decimal Classification     Fiction Footprints International School Library Network Toul Kork Campus Footprints International School Library Network Toul Kork Campus A TK Campus, 4th Floor, Room B401, Fiction Bookcases (1-6) 03/28/2025   JOY 823.912 PR6019.O9 D8 2025-0876 03/28/2025 03/28/2025 Books